| 000 | 00637nam a2200217Ia 4500 | ||
|---|---|---|---|
| 005 | 20260415173418.0 | ||
| 008 | 008 250505s9999 xx 000 0 eng d | ||
| 020 | _a978-93-5992-721-3 | ||
| 037 | _aTextual | ||
| 040 |
_aFEDL _beng _cFEDL |
||
| 041 |
_aeng _2eng |
||
| 084 |
_a371.9 PRA _qFEDL |
||
| 100 |
_aPraveen Kumar and others Ed. _9783732 |
||
| 245 | 0 | _aInclusion in India: Multiple dimensions | |
| 260 |
_aDelhi, India _b JTS Publications _c2024 |
||
| 300 | _a240p. | ||
| 365 |
_aINR _b1500 |
||
| 546 | _aGifted by Dr. Praveen Kumar | ||
| 942 |
_cTEXL _h371.9 PRA |
||
| 999 |
_c1400179 _d1400179 |
||